000008034 001__ 8034
000008034 005__ 20260226170419.0
000008034 037__ $$aCTALK-2026-0091
000008034 100__ $$aBerghmans, David
000008034 245__ $$aIntroduction Space Weather Track
000008034 260__ $$c2025
000008034 269__ $$c2025-11-14
000008034 594__ $$aSTCE
000008034 6531_ $$aSpace Weather
000008034 773__ $$tDIRS/SIRRIS Workshop, Diegem
000008034 8560_ $$fdavid.berghmans@ksb-orb.be
000008034 8564_ $$s35261791$$uhttps://publi2-as.oma.be/record/8034/files/20251104-Diegem_Sirris-SpaceWeather.pdf
000008034 8564_ $$s14881$$uhttps://publi2-as.oma.be/record/8034/files/20251104-Diegem_Sirris-SpaceWeather.gif?subformat=icon$$xicon
000008034 8564_ $$s9014$$uhttps://publi2-as.oma.be/record/8034/files/20251104-Diegem_Sirris-SpaceWeather.jpg?subformat=icon-180$$xicon-180
000008034 906__ $$aInvited
000008034 980__ $$aCTALKINVI